000
00293nam a22001217a 4500
020
_a
NA
082
_2
22
_a
621.381519
100
_a
kohonen Teuvo.
245
_a
Digital circuits and devices /
260
_a
Prentice Hall,
_b
Prentice Hall
_c
c1972
300
_a
466 p,;
_b
NA
_c
24cm.
942
_2
ddc
_c
EE
999
_c
2727
_d
2727